000 00250nam a2200109Ia 4500
008 220204s9999 xx 000 0 und d
082 _bDAM
100 _aDamodara Panicker
245 0 _aDriver
260 _aKottayam
_bAuto Chambers
_c1973
942 _cBK
999 _c26347
_d26347